Computer aided design of mat foundation of under ground command post of corps headquarters (Record no. 550898)
[ view plain ]
| 000 -LEADER | |
|---|---|
| fixed length control field | 00468nam a22001457a 4500 |
| 082 ## - DEWEY DECIMAL CLASSIFICATION NUMBER | |
| Classification number | P14 |
| 100 ## - MAIN ENTRY--PERSONAL NAME | |
| Personal name | Imran Ali |
| 9 (RLIN) | 47750 |
| 245 ## - TITLE STATEMENT | |
| Title | Computer aided design of mat foundation of under ground command post of corps headquarters |
| Statement of responsibility, etc. | murtaz sarwar, Anjum Iqbal, Muhammad Amjad, Iftikhar Kakar, Tauqir Awan |
| 260 ## - PUBLICATION, DISTRIBUTION, ETC. | |
| Place of publication, distribution, etc. | MCE |
| Name of publisher, distributor, etc. | MCE |
| 300 ## - PHYSICAL DESCRIPTION | |
| Extent | 118 |
| 526 ## - STUDY PROGRAM INFORMATION NOTE | |
| Program name | 0 |
| Interest level | 0 |
| Reading level | 0 |
| Title point value | P_000000000000000_14 |
| 650 ## - SUBJECT ADDED ENTRY--TOPICAL TERM | |
| Topical term or geographic name entry element | Project |
| 700 ## - ADDED ENTRY--PERSONAL NAME | |
| Personal name | Nasrullah Abeer |
| 9 (RLIN) | 47638 |
| 942 ## - ADDED ENTRY ELEMENTS (KOHA) | |
| Source of classification or shelving scheme | |
| Koha item type | Book |
| Withdrawn status | Lost status | Source of classification or shelving scheme | Damaged status | Not for loan | Permanent Location | Current Location | Date acquired | Total Checkouts | Full call number | Barcode | Date last seen | Price effective from | Koha item type | Public note |
|---|---|---|---|---|---|---|---|---|---|---|---|---|---|---|
| Military College of Engineering (MCE) | Military College of Engineering (MCE) | 11/26/2014 | P14 | MCE-P14 | 11/26/2014 | 11/26/2014 | Book | Project |
